Cuentas Nacionales de Honduras 1970-1980
Uloženo v:
| Korporativní autor: | |
|---|---|
| Médium: | Text |
| Vydáno: |
Tegucigalpa:
Banco Central de Honduras
|
| Tagy: |
Přidat tag
Žádné tagy, Buďte první, kdo vytvoří štítek k tomuto záznamu!
|
MARC
| LEADER | 00000 a a2200000 04500 | ||
|---|---|---|---|
| 001 | 23159 | ||
| 003 | |||
| 040 | |||
| 090 | |a 159900 | ||
| 110 | |a Banco Central de Honduras | ||
| 245 | |a Cuentas Nacionales de Honduras 1970-1980 | ||
| 260 | |a Tegucigalpa: |b Banco Central de Honduras | ||
| 300 | |a 69 p. |b **no definido** | ||
| 999 | |c 7411 |d 7411 | ||
